[Event "Dortmund SuperGM 37th"]
[Site "Dortmund"]
[Date "2009.07.02"]
[Round "1"]
[White "Carlsen, Magnus"]
[Black "Jakovenko, Dmitrij"]
[Result "1-0"]
[WhiteElo "2772"]
[BlackElo "2760"]
[Annotator "Mueller,Karsten"]
[PlyCount "97"]
[EventDate "2009.07.02"]
[EventType "tourn"]
[EventRounds "10"]
[EventCountry "GER"]
[EventCategory "20"]
[SourceTitle "CBM 131"]
[Source "ChessBase"]
[SourceDate "2009.07.15"]
[SourceVersion "1"]
[SourceVersionDate "2009.07.15"]
[SourceQuality "1"]

1. e4 e5 2. Nf3 Nc6 3. Bb5 Nf6 4. O-O Nxe4 5. d4 Nd6 6. Bxc6 dxc6 7. dxe5 Nf5
8. Qxd8+ Kxd8 9. Nc3 Ke8 10. h3 h5 {A lot has been tried at this point: An
dieser Stelle wurde schon sehr viel probiert.} (10... a5 {has been the most
frequently played move, followed by wird am häufigsten gespielt, gefolgt von})
(10... Be7 {and und}) (10... Ne7) 11. Ne2 Be7 12. Bg5 Be6 13. Nf4 Bd5 14. Bxe7
Kxe7 15. Ng5 Nd4 16. Rad1 Ne6 17. Ngxe6 Bxe6 {Objectively speaking, the
position should still be drawish, but in practice White has certainly the
better chances because of his slight strategic initiative.  Objektiv sollte
die Stellung innerhalb der Remisbreite sein, aber in der Praxis hat Weiß
sicher auf grund seiner leichten strategischen Initiative die besseren Chancen.
} 18. h4 a5 19. a3 a4 20. Rfe1 g6 21. f3 Ra5 22. c3 Rb5 23. Re2 Ra8 24. Rd4
Raa5 25. Kf2 Rxe5 26. Rxe5 Rxe5 27. Rxa4 Rb5 28. b4 c5 29. Ra7 cxb4 30. cxb4
Kd7 $2 {Jakovenko wastes valuable time, because his king ends up going to d6
any way. Jakovenko verliert wertvolle Zeit, weil sein König letztlich doch
nach d6 zieht.} (30... Bc4 {intending mit der Idee} 31. Ke3 Kd6 {(Lilov auf
chessbase.com) nebst c7 ist aktiver und remisiert leicht, z.B. (Lilov auf
chessbase.com) and then c7 is more active and draws easily, e.g.} 32. Kd4 (32.
Ra8 c5 33. Rc8 b6 34. Kd2 Kd7 $11) 32... Rf5 33. g3 Bf1 $11 {because denn} 34.
Rxb7 $2 {runs into läuft in} g5 35. hxg5 h4) 31. Ne2 Rb6 32. Ke3 Bc4 33. Nd4
Kd6 34. Ra5 Ra6 $2 {Without the rook Black does not have the counterplay.the
side with the knight is always aiming for complete control, so that the slower
manoeuvres of the knight can be executed. In addition rook endings have a very
high drawing tendencey and the defensive possibility of liquidating to a rook
ending is now lost. Ohne den Turm fehlt Schwarz das Gegenspiel. Die
Springerpartei strebt ja stets nach voller Kontrolle, damit das langsamere
Manövrieren des Speingers durchgeführt werden kann. Außerdem haben
Turmendspiele eine recht hohe Remisbreite und die Verteidigungsmöglichkeit
einer Abwicklung ins Turmendspiel fällt nun weg.} (34... Be6 {offered better
drawing chances, e.g. bot bessere Remischancen, z.B.} 35. Kf4 Kd7 36. Rb5 (36.
Kg5 Rd6) (36. g4 hxg4 37. fxg4 Rd6 38. Nxe6 Kxe6) 36... Rd6 37. Nxe6 Rxe6 38.
a4 (38. Rxb7 Ra6) 38... b6) 35. Rxa6+ bxa6 36. g4 hxg4 $2 {The passed white
h-pawn which comes about now will decide the day, because, for example, it can
be used bring about the advantageous exchange of all the kingside pawns. Der
nun entstehende weiße h-Freibauer wird den Tag entscheiden, weil er unter
anderem dazu genutzt werden kann, die gesamten Königsflügelbauern vorteilhaft
abzutauschen.} (36... Ke5 {was the final chance. In any case, White ought now
to have good winning chances. war die letzte Chance. Allerdings sollte Weiß
nun ohnhin gute Gewinnaussichten haben.}) 37. fxg4 Ke5 (37... c5 38. bxc5+ Kxc5
39. h5 gxh5 40. gxh5 f6 41. h6 Bg8 42. Ne6+ Kc4 43. Nf8 Kb3 44. Kf4 Kxa3 45.
Nd7 Bh7 46. Nxf6 Bg6 47. Kg5 Bb1 48. Nd7 a5 49. Nf8 a4 50. Ng6 $18) 38. Nc6+
Kf6 (38... Kd6 39. h5 $18) 39. Kf4 Ke6 40. h5 gxh5 41. gxh5 Bd3 $6 ({The
attempt to set up a barrier with Der Versuch mittels} 41... f6 {was more
stubborn, but in the long run it diod not help either, because White can
exchange the kingside pawns as in the game: eine Barriere zu errichten war
zäher, hilft aber letzlich ebenfalls nicht, weil Weiß wie in der Partie die
Königsflügelbauern abtauschen kann:} 42. Nd8+ Ke7 43. h6 Bd3 (43... Kf8 44. Kf5
Ke7 45. Ke4 Kf8 46. Kd4 $18) 44. Nb7 $1 {White must transfer the knight to the
kingside at once. An over-hasty penetration by the king Weiß muss den Springer
unverzüglich zum Königsflügel bringen. Das voreilige Eindringen mit dem König}
(44. Ke3 $6 Bf5 45. Nb7 $2 {loses control: verliert die Kontrolle:} Kf7 46. Nc5
Bc8 47. Kd4 f5 $1 (47... Kg6 $2 48. Kd5 Kxh6 (48... f5 49. Kc6 f4 50. Nd3 f3
51. Ne5+ Kxh6 52. Nxf3 $18) 49. Kc6 Bh3 50. Nxa6 f5 51. b5 f4 52. Nc5 Bf5 53.
Kxc7 Bc2 54. Nd7 Kg5 55. Ne5 Kf5 56. b6 Kxe5 57. b7 f3 58. b8=Q $18) (47... c6
$2 48. Ne4 Kg6 49. h7 Kxh7 50. Nxf6+ Kg7 51. Ne8+ Kf8 52. Nc7 Ke7 53. Kc5 Kd7
54. Kb6 $18) 48. Kd5 Kg8 49. Kc6 f4 {and Black's counterplay should be enough
for a draw. und das schwarze Gegenspiel sollte zum Remis reichen.}) 44... Kf7
45. Nc5 Bf1 (45... Bc4 46. h7 Kg7 47. Kf5 $18) 46. h7 Kg7 47. Ne6+ Kxh7 48. Kf5
$18) 42. Ke3 Bf1 (42... Bc4 43. Kd4 Bb3 44. Nb8 $18) 43. h6 Kf6 44. Ne5 Bb5 45.
Kd4 Ba4 ({After Nach} 45... Be8 46. Kc5 {Black is in zugzwang, because ist
Schwarz in Zugzwang, weil} Kxe5 {fails to an} 47. h7 {scheitert.}) 46. h7 Kg7
47. Nxf7 Kxh7 48. Ng5+ Kg6 49. Ne6 {...and Jakovenko resigned because sooner
or later he will lose both pawns. ...und Jakovenko gab auf, weil er früher
oder später beide Bauern verliert.} 1-0

[Event "Dortmund SuperGM 37th"]
[Site "Dortmund"]
[Date "2009.07.06"]
[Round "5"]
[White "Carlsen, Magnus"]
[Black "Naiditsch, Arkadij"]
[Result "1-0"]
[WhiteElo "2772"]
[BlackElo "2697"]
[Annotator "Mueller,Karsten"]
[PlyCount "119"]
[EventDate "2009.07.02"]
[EventType "tourn"]
[EventRounds "10"]
[EventCountry "GER"]
[EventCategory "20"]
[SourceTitle "CBM 131"]
[Source "ChessBase"]
[SourceDate "2009.07.15"]
[SourceVersion "1"]
[SourceVersionDate "2009.07.15"]
[SourceQuality "1"]

1. e4 e5 2. Nf3 Nc6 3. Bb5 Nf6 4. O-O Nxe4 5. d4 Nd6 6. Bxc6 dxc6 7. dxe5 Nf5
8. Qxd8+ Kxd8 9. Nc3 h6 10. h3 Ne7 11. Bf4 Ng6 12. Bg3 Ke8 13. Rad1 Bb4 14. Ne2
h5 15. Ned4 h4 16. Bh2 Nf8 17. Bf4 Bd7 18. Bg5 Be7 19. Rfe1 c5 20. e6 $1 {
[%mdl 32] A strong opening up of the position by Magnus Carlsen in a way
typical for the position. On account of his lead in development and the poor
coordination of the black pieces, he gets dangerous compensation. Eine starke
Stellungsöffnung von Magnus Carlsen in stellungstypischer Manier. Er erhält
aufgrund seines Entwicklungsvorsprungs und der schlechten schwarzen
Koordination gefährliche Kompensation.} (20. Bxe7 $6 Kxe7 21. Nb3 Ne6 {
achieves nothing for White. bringt Weiß nichts ein.}) 20... fxe6 (20... Nxe6 $2
21. Nf5 $16) (20... Bxe6 $2 21. Nb5 $16) 21. Bxe7 Kxe7 22. Nf5+ Kf6 23. Ne3 Be8
24. Ng4+ Ke7 25. Nge5 Bg6 26. Rd5 {A spectacular move. Ein spektakulärer Zug.}
({However, I prefer the alternative Mir gefällt allerdings die Alternative} 26.
Re3 $36 {. noch etwas besser.}) 26... b6 27. Rd2 Bf5 28. Ng5 Kf6 29. f4 Ng6 $2
({The prophylactic Das prophylaktische} 29... Re8 {was safer. war sicherer.})
30. Nd7+ Ke7 31. Nxe6 $2 {After this, White cannot count on any hope of
winning against good defence. Danach kann Weiß gegen gute Verteidigung keine
Gewinnhoffnungen mehr hegen.} (31. Rd5 $1 Rhe8 32. b3 $36 {would have left
Black in a very uncomfortable situation. hätte Schwarz in eine sehr unbequeme
Lage gebracht.}) 31... Bxe6 32. f5 Nf4 33. fxe6 Rhd8 $1 ({It is not necessary
to go in for Es gibt keine Notwendigkeit, sich auf} 33... Nxe6 $6 34. Ne5 Rh6
35. Ng4 Rg6 36. Ne3 Kf7 37. Nf5 {. einzulassen.}) 34. Rf2 g5 35. Kh2 a5 (35...
Nxe6 $2 36. Ne5 $16) 36. a4 Rg8 37. Ne5 Rae8 $1 {[%mdl 256] A strong defensive
move which makes it clear that the e-pawn will fall without one of the white
rooks being able to penetrate. Ein starker Verteidigungszug, der klarstellt,
dass der e-Bauer fallen wird, ohne dass einer der weißen Türme eindringen kann.
} (37... Nxe6 $2 38. Rf7+ Ke8 39. Rh7 $18) (37... Kxe6 $2 38. Ng6+ Kf5 39. Ne7+
$18) 38. Nf3 Nxe6 39. Re5 Kd6 40. Rd2+ Kc6 41. Rde2 Kd6 $2 {Just after the
time control. Naiditsch makes the decisive mistake. Kurz nach der
Zeitkontrolle begeht Naiditsch den entscheidenden Fehler.} ({He should content
himself with the draw after Er sollte sich mit} 41... Kd7 $1 42. Rd2+ Kc6 43.
Rde2 {. und remis zufrieden geben.}) 42. Nxg5 $1 $16 Ng7 43. Rxe8 Rxe8 44. Rxe8
Nxe8 45. Nf3 c4 46. Nxh4 c3 $2 {This deprives Black of many chances for
counterplay and bnreakthrough. In addition, all White has to worry about now
is the weak c2-pawn. Dies nimmt Schwarz viele Gegenspiel und
Durchbruchsmöglichkeiten. Außerdem muss sich Weiß nun nur noch um den
schwachen Bauern c2 kümmern.} (46... Ke5 {offered better practical chances,
but should also lose in the long run, e.g.: bot bessere praktische Chancen,
sollte aber langfristig ebenfalls verlieren, z.B.} 47. Nf3+ (47. Kg3 $6 Ke4 48.
Kf2 b5) 47... Kf4 48. c3 Nd6 49. Nd2 Ke3 (49... c6 50. h4 Kg4 51. g3 b5 52. Kg2
$16) 50. Nb1 Kf4 51. Na3 c6 52. g3+ Ke4 53. h4 b5 54. h5 Kf5 55. g4+ Kg5 56.
Kg2 $16) 47. b3 Kc5 48. Nf5 Kb4 49. g4 Ka3 50. Kg3 Kb2 51. Ne3 {... and it is
obvious that the white passed pawns will decide the day.: ... und es ist klar,
dass die weißen Freibauern den Tag entscheiden werden:} Kc1 52. Kf3 Kd2 53. h4
Ng7 54. h5 Ne6 55. h6 c6 56. Ke4 b5 57. Ke5 Ng5 58. Kf5 Nf7 59. h7 Kxe3 60. g5
1-0

[Event "Dortmund SuperGM 37th"]
[Site "Dortmund"]
[Date "2009.07.08"]
[Round "6"]
[White "Jakovenko, Dmitrij"]
[Black "Carlsen, Magnus"]
[Result "1/2-1/2"]
[WhiteElo "2760"]
[BlackElo "2772"]
[Annotator "Rogozenco,D"]
[PlyCount "89"]
[EventDate "2009.07.02"]
[EventType "tourn"]
[EventRounds "10"]
[EventCountry "GER"]
[EventCategory "20"]
[SourceTitle "CBM 131"]
[Source "ChessBase"]
[SourceDate "2009.07.15"]
[SourceVersion "1"]
[SourceVersionDate "2009.07.15"]
[SourceQuality "1"]

1. e4 c5 2. Nf3 Nc6 3. d4 cxd4 4. Nxd4 Nf6 5. Nc3 e5 6. Ndb5 d6 7. Bg5 a6 8.
Na3 b5 9. Nd5 Be7 10. Bxf6 Bxf6 11. c3 Bg5 12. Nc2 Ne7 {This line became the
main alternative for Black to the classical 12...0-0 and 12...Rb8. Its theory
has developed very quickly in the past 4-5 years. Carlsen and even Jakovenko
with the black pieces have used it already.} 13. Ncb4 ({Another possibility is
to include the moves h4/Bh6, which has advantages and drawbacks for White.
Here is the most recent example:} 13. h4 Bh6 14. a4 bxa4 15. Ncb4 O-O 16. Qxa4
Nxd5 17. Nxd5 a5 18. Bb5 (18. Bc4 {offers Black counterplay due to the
weaknesses created on the kingside by the move 13.h4:} Kh8 19. g3 f5 20. exf5
Bxf5 21. O-O Be4 $132) 18... Be6 19. Bc6 Rb8 20. b4 axb4 21. cxb4 Kh8 ({
The main alternative is} 21... Bxd5 22. Bxd5 Qb6) 22. b5 Bxd5 23. Bxd5 Qb6 24.
O-O ({In the event of} 24. Bc6 {Black has the nice transfer of the bishop to a
better diagonal:} Be3 $1 25. O-O (25. fxe3 Qxe3+ 26. Kd1 Qd3+ 27. Ke1 Qe3+ {
is a draw}) 25... Bd4 26. Ra2 f5 27. exf5 Rxf5 28. g3 Rbf8 {and thanks to the
pressure on f2 Black has nothing to fear, Grischuk,A (2719)-Illescas Cordoba,M
(2604)/Dresden 2008}) 24... Qxb5 25. Qxb5 Rxb5 26. Ra6 $146 ({In Bacrot,E 
(2705)-Eljanov,P (2720)/Elista 2008 White took another pawn, but it led to the
same result:} 26. Bxf7 g5 27. hxg5 Bxg5 28. Be6 Rb4 29. Bf5 d5 30. Ra5 dxe4 31.
Rxe5 Bf4 32. Rxe4 Rxe4 33. Bxe4 Rc8 34. Bf3 Rc1 35. Bd1 Kg7 {and White cannot
unpin the bishop without exchanging the rooks, which leads to a completely
drawish position.}) 26... f6 27. Rxd6 Rc5 28. h5 (28. Rd7 Rc1 29. Rxc1 Bxc1 {
looks slightly unpleasant for Black, but he simply waits and the position is a
draw.}) 28... Rc7 29. g3 g6 30. Kg2 Kg7 {With the king on g7 (instead of being
cut on h8) Black doesn't have even the slightest problem to achieve a draw.}
31. Kh3 Bc1 32. f4 exf4 33. gxf4 g5 34. fxg5 Bxg5 35. e5 Re7 36. e6 f5 37. Bc6
Kh6 38. Bf3 {1/2-1/2 Shirov,A-Radjabov,T/Bazna 2009}) 13... O-O 14. a4 bxa4 15.
Qxa4 (15. Rxa4 a5 16. Nxe7+ (16. Bb5 {is a different story here and if Black
wishes, he can force complete equality:} Bd7 17. Nxe7+ (17. Bxd7 axb4 $1) 17...
Bxe7 18. Nc6 (18. Bxd7 axb4 $11) 18... Qe8 19. Qd5 Be6 20. Qd3 Bd7 21. Nxe7+
Qxe7 $11) 16... Qxe7 17. Bc4 Bd7 18. Nd5 Qe8 19. Ra2 Bd8 20. O-O Rc8 21. Bb3
Rb8 $11 {0-1 Smeets,J (2550)-Carlsen,M (2625)/Wijk aan Zee 2006 (44)}) 15...
Nxd5 (15... a5 16. Bb5 Nxd5 17. Nxd5 Be6 18. Bc6 Rb8 19. Ra2 Qc8 20. O-O Bd8
21. b4 Kh8 22. Rd2 Qa6 23. b5 $16 {1-0 Kamsky,G (2690)-Carlsen,M (2570)/Khanty
Mansiysk 2005 (31)}) 16. Nxd5 Bd7 (16... a5 17. Bb5 {leads to the above
mentioned game Kamsky-Carlsen, see 15...a5.}) 17. Qc2 {Keeping the queen in
the centre looks like the optimal decision.} (17. Qa2 a5 18. Bd3 (18. Bc4 a4
19. O-O Rb8 20. Rfd1 Kh8 $14 {/=}) 18... Bc6 19. O-O Qb8 20. Bc4 Kh8 21. b3 f5
22. exf5 {1/2-1/2 Anand,V (2799)-Carlsen,M (2733)/Linares 2008}) (17. Qa5 Qb8
18. b4 Bd8 19. Qa2 a5 20. Bc4 Bc6 $132 {1/2-1/2 Berg,E (2586)-Carlsen,M (2690)/
Faaborg 2007 (60)}) 17... a5 18. Bc4 {I believe this is the critical position
of the line 12...Ne7. Although it is very close to equal, in fact White has a
small plus, since he can play on without any major risk. His plan is to
combine pressure on the d-file with play on the queenside (b2-b4, or pressure
on the a-file first). In each case Black still must find a way to arrange
optimally all his pieces (and first of all to find a job for his dark-squared
bishop, which, being on the diagonal c1-h6, can easily be out of any queenside
action).} Rc8 $146 (18... a4 19. O-O Qa5 20. Nb4 (20. Qe2 Qc5 21. Ra3 Kh8 22.
Rfa1 Rac8 23. Rxa4 $5 Bxa4 24. Rxa4 f5 25. Bd3 Ra8 26. Rxa8 Rxa8 27. g3 $44 {
1-0 Sjugirov,S (2395)-Gladyszev,O (2485)/Lipetsk 2007 (62)}) 20... Qc5 21. Bd5
Ra7 22. Nd3 Qb6 23. Rfd1 Kh8 24. c4 Qb8 25. Qc3 Rc8 26. c5 $5 (26. Bxf7 Bg4 27.
Bd5 Bxd1 28. Rxd1 $13) 26... Bb5 27. c6 $13 {0-1 Korneev,O (2657)-Jakovenko,D 
(2671)/Pamplona 2006 (67)}) (18... Kh8 19. O-O f5 20. exf5 Bxf5 21. Bd3 $14) (
18... Qb8 19. O-O Rc8 20. Qe2 Qb7 21. b3 Be6 22. Ra2 Bd8 23. Rfa1 Kf8 24. h3
Qc6 25. Bb5 Qb7 26. Bc4 Qc6 27. Bb5 $14 {1/2-1/2 Lukin,A (2423)-Shariyazdanov,
A (2594)/St Petersburg 2001}) (18... Bc6 19. O-O Qb8 20. Ra3 Qb7 21. Rfa1 (21.
b3 $5) 21... a4 22. Re1 Ra5 23. Qe2 Bd8 24. Raa1 g6 25. Kh1 Kg7 26. Rad1 a3 27.
b4 $14 {1/2-1/2 Korneev,O (2613)-Cherniaev,A (2504)/Catalan Bay 2003 (45)}) (
18... Rb8 19. Qe2 a4 20. O-O Qc8 21. Nb4 Bd8 22. Rfd1 Bb6 23. Nd5 Qd8 24. Nxb6
Rxb6 {1/2-1/2 Illescas Cordoba,M (2598)-San Segundo Carrillo,P (2536)/Ayamonte
2007}) 19. Qe2 Kh8 20. O-O f5 21. exf5 Bxf5 22. Bd3 $1 Be6 (22... e4 $2 23.
Bxe4 Re8 24. f3 $16) 23. Be4 Rb8 24. Qc2 Bg8 ({Perhaps Black must accept an
inferior position by playing immediately} 24... Bxd5 25. Bxd5 Qb6 26. b3 Qc5
$14 {since now after} 27. Be4 {he has} d5 $1 28. Bxh7 e4 29. Bg6 Rb6 30. Bh5
Bf6 $44 {But instead of 27.Be4 better is 27.Rad1, with advantage for White.})
25. b3 $1 $14 {Jakovenko shows that although Carlsen completed his plan (f7-f5)
, he is still far from complete equality. White is slowly improving, while
Black doesn't have any counterplay. Exchanging on d5 would lose completely
Black's control over the light squares and protecting h7 will involve creating
further weaknesses.} (25. Rfd1 Bxd5 $1 26. Rxd5 ({or} 26. Bxd5 Qb6 $11) 26...
Qb6 $11 {[%csl Rb2,Rf2][%cal Gf8f2,Gg5e3] and Black equalizes in view of the
double attack (Rxf2 followed by Ae3 is also a threat).}) 25... Rb5 26. c4 Rb8
27. Nc3 $2 {Letting it slip away. Jakovenko plans 28.Bd5, but he misses that
Black can avoid the exchange of light-squared bishops.} ({After the correct} 
27. Rfd1 {Black starts to have real problems, since it is not clear what to do.
The queen from d8 cannot move because it must protect the pawn on a5, the
bishop on g8 must protect h7. The rooks and the bishop on g5 don't have any
meaningful moves either. White can play next Rd3 and then either double on the
d-file or play Rh3 or Qc3. In any case after 27.Rfd1 Carlsen's position would
have been quite unpleasant. For instance} Bxd5 28. Rxd5 Qb6 {loses a pawn after
} 29. Rb5 Qd4 30. Rd1) 27... Qb6 $1 {Immediately exploiting the drawback of
White's previous move.} 28. Rab1 h6 $1 29. Bd5 Bh7 {The point. White cannot
exchange the bishops. As the result of 27.Nc3 Black has succeeded in
relocating his queen.} 30. Be4 Bg8 31. g3 (31. Nd5 Qc5 {is a different story
now. The queen is much better placed on c5 than on d8. Additionally, Black has
the plan Bd8-b6, equalizing completely.}) 31... Qc5 32. Kg2 Bd8 {Now the
position is equal.} 33. Rbd1 Qb4 34. Rb1 Bb6 35. Nd5 Bxd5 36. Bxd5 Bd4 {
White's only chance to set at least some problems is to place the queen on e4
and the bishop on c2 or d3, but he doesn't have time to achieve a good version
of such a rearrangement.} 37. Be4 Qc3 {Black understandably wants to force the
exchange of queens, but Jakovenko finds a way to avoid it.} (37... Rf6 $11) 38.
Qe2 $1 (38. Qxc3 Bxc3 $11) 38... Rf6 $1 (38... Rxb3 {requres from Black after}
39. Qg4 Rxb1 40. Qg6 {to find some computer-study-like ways to save himself,
which is of course completely unnecessary for him.}) 39. Bd3 Qb4 $1 {A clever
decision. Carlsen realized that the plan with Qc3 led Black nowhere and he
rightly brings the queen back.} (39... Rxb3 $2 40. Rxb3 Qxb3 41. Qe4 g6 42. Rb1
$36) 40. h4 (40. Qe4 Qb7 $11) (40. f3 Qb7 $11) 40... Qb7+ 41. Be4 Qf7 $11 42.
Bd5 Qg6 43. Be4 (43. h5 Qg5 $132 {[%csl Rf2,Rh5][%cal Gb8f8]}) 43... Qf7 44.
Bd5 Qg6 45. Be4 1/2-1/2